000 01114cab a2200337 4500
001 ABS41544
008 090401t1989 xxu||||| |||| 00| 0 eng d
035 _a(Sirsi) u30838
041 _aeng
100 _aTurner, K.
245 _aWho`s who in the countryside
260 _c1989
350 _a0
490 _aFarm Management
_v7(3) Autumn 1989, 163-171(5)
520 _aOutline of the main organisations involved with the countryside in the UK, including government departments , local authorities , voluntary organisations and professional bodies , giving a short description of activities.
650 _aCOUNTRYSIDE COMMISSION
650 _aCOUNTY WILDLIFE TRUSTS
650 _aCPRE
650 _aFORESTRY COMMISSION
650 _aFRIENDS OF THE EARTH
650 _aNATIONAL TRUST
650 _aNATURE CONSERVENCY COUNCIL
650 _aROYAL SOCIETY FOR NATURE CONSERVATION
650 _aRURAL DEVELOPMENT COMMISSION
650 _aRural
_96268
650 _aWOODLAND TRUST
690 _aCONSERVATION AND THE ENVIRONMENT
700 _aBury, P.
942 _n0
948 _c04/03/1997
999 _c20775
_d20775